Estadísticas para Países que terminan con la letra I

Haz click aquí para intentar la prueba.

Estadísticas generales

  • Esta prueba ha sido intentada 92 veces
  • La puntuación promedio es 5 de 9

Estadísticas de respuestas

país% Correcto
Kiribati
75%
Fiyi
70%
Malí
66%
Haití
63%
Yibuti
61%
Malaui
51%
Burundi
48%
Brunéi
41%
Eswatini
16%

Distribución de puntuación

Porcentaje por número respondido

Porcentaje de gente con cada puntuación

Historial de tus puntuaciones

No has intentado esta prueba.